22 điều luật xây dựng thương hiệu: Cách làm cho sản phẩm hay dịch vụ có thương hiệu tầm cở quốc tế The 22 immutable laws of branding : How to build a product or service into a world-class brand

Kaydedildi:
Detaylı Bibliyografya
Yazar: Al Ries
Materyal Türü: Kitap
Dil:Undetermined
Baskı/Yayın Bilgisi: H. Thống Kê 2003
Konular:
Etiketler: Etiketle
Etiket eklenmemiş, İlk siz ekleyin!
Thư viện lưu trữ: Trung tâm Học liệu Trường Đại học Cần Thơ
LEADER 00834nam a2200205Ia 4500
001 CTU_59203
008 210402s9999 xx 000 0 und d
020 |b 23000 
082 |a 658.827 
082 |b R559 
100 |a Al Ries 
245 0 |a 22 điều luật xây dựng thương hiệu: Cách làm cho sản phẩm hay dịch vụ có thương hiệu tầm cở quốc tế 
245 4 |b The 22 immutable laws of branding : How to build a product or service into a world-class brand 
245 0 |c Al Ries và Laura Ries; Phan Đình Quyền, Nguyễn Văn Chu và Đinh Tiên Minh biên dịch 
260 |a H. 
260 |b Thống Kê 
260 |c 2003 
650 |a product management,brand name products 
904 |i Minh 
980 |a Trung tâm Học liệu Trường Đại học Cần Thơ